000 00536nam a2200169Ia 4500
008 090711s9999 xx 000 0 und d
082 _b52090
100 _aकालेलकर मधुसूदन
245 _aहे फूल SांदनाSो
260 _c1983
300 _a113
600 _aकालेलकर मधुसूदन
630 _aहे फूल SांदनाSो
700 _aकालेलकर मधुसूदन
730 _aहे फूल SांदनाSो
942 _cBOOK
999 _c302944
_d302944